1260 1365 1498 1195 1884 1656 1401 1483 1148 1406 1389 1651 1598 1850 1836 1606 1791 1579 1912 1474 1251 1871 1939 1070 1349 1056 1713 1695 1247 1162 1535 1178 1739 1614 1531 1445 1217 1435 1669 1243 1983 1757 1008 1004 1998 1338 1935 1858 1273 1324 1560 1587 1084 1934 1528 1772 1478 1205 1981 1741 1376 1509 1596 1985 1838 1675 1078 1174 1284 1917 1285 1323 1216 1248 1737 1173 1069 1424 1048 1535 1717 1283 1471 1958 1566 1568 1562 1614 1418 1974 1852 1268 1830 1586 1100 1765 1330 1612 1506 BCNSPRNW ULIB Ver.6.0+V

เปลี่ยนเป็นภาษาไทย

Change to English
 แสดงรายละเอียดบรรณานุกรม
  กลับหน้าหลัก

Brief Record : Get Marc (ISO 2709) : E-mail record : QR code < ปิดหน้าต่าง
LEADER : 00000nam 2200000uu 4500
001    13399124468
003     ULIB
008    150727s2556||||th 000 0 tha d
020    ^a9786167287935
060  0 ^aWY160^bก451
245 00 ^aการพยาบาลจิตเวช/^cบรรณาธิการ,วีณา เจี๊ยบนา
250    ^aพิมพ์ครั้งที่ 1.
260    ^aกรุงเทพฯ :^bวิทยาลัยพยาบาลสภากาชาดไทย,^c2556.
300    ^a171 หน้า
650  0 ^aการพยาบาลจิตเวช
650  0 ^aจิตเวช^xการพยาบาล
700 0  ^aวีณา เจี๊ยบนา,^eบรรณาธิการ
710 1  ^aวิทยาลัยพยาบาลสภากาชาดไทย.^bภาควิชาการพยาบาลอนามัยชุมชนและจิตเวช.
945    ^p180^l0^i23008
945    ^p180^l0^i23009
945    ^p180^l0^i23010
945    ^p180^l0^i23011
945    ^p180^l0^i23012
999    ^aทศพร เกษรทอง
รายการนี้ยังไม่มีแท็ก
คุณยังไม่ได้ล็อกอิน คุณสามารถมีกิจกรรมร่วมกับเว็บไซต์ได้ แต่ต้องล็อกอินก่อน ::
  ล็อกอิน

รายการสื่อสารสนเทศ

ลำดับที่ ประเภท เลขเรียก/บาร์โค้ด สถานที่ สถานะ
1. Book การพยาบาล
Book การพยาบาล
สถานะ=หนังสือเก่า
WY160 ก451 ฉ.1 
  Barcode: 23008
ห้องสมุดวิทยาเขตนครสวรรค์
►ส่วนจัดเก็บหนังสือเก่า นว.
บนชั้น
  ขอยืม
2. Book การพยาบาล
Book การพยาบาล
สถานะ=หนังสือเก่า
WY160 ก451 ฉ.2 
  Barcode: 23009
ห้องสมุดวิทยาเขตนครสวรรค์
►ส่วนจัดเก็บหนังสือเก่า นว.
บนชั้น
  ขอยืม
3. Book การพยาบาล
Book การพยาบาล
สถานะ=หนังสือเก่า
WY160 ก451 ฉ.3 
  Barcode: 23010
ห้องสมุดวิทยาเขตนครสวรรค์
►ส่วนจัดเก็บหนังสือเก่า นว.
บนชั้น
  ขอยืม
4. Book การพยาบาล
Book การพยาบาล
สถานะ=หนังสือเก่า
WY160 ก451 ฉ.4 
  Barcode: 23011
ห้องสมุดวิทยาเขตนครสวรรค์
►ส่วนจัดเก็บหนังสือเก่า นว.
บนชั้น
  ขอยืม
5. Book การพยาบาล
Book การพยาบาล
สถานะ=หนังสือเก่า
WY160 ก451 ฉ.5 
  Barcode: 23012
ห้องสมุดวิทยาเขตนครสวรรค์
►ส่วนจัดเก็บหนังสือเก่า นว.
บนชั้น
  ขอยืม

รายการใกล้เคียง
    หัวเรื่อง [การพยาบาลจิตเวช]

BibComment


ยังไม่เคยถูกคอมเมนท์

คอมเมนท์ทรัพยากรรายการนี้
  คอมเมนท์: การพยาบาลจิตเวช ..


 Copyright 2026. Bcnsprnw @Library